000 00481nam a22001577a 4500
003 0
005 20231107130525.0
008 231107b xxu||||| |||| 00| 0 eng d
050 _aRJ 499
_b.M36 2023
100 _aMangubat, Ethan Godwin A.
245 _aDepression and hopelessness among unhappy Filipino adults
_cMangubat, Ethan Godwin A.
260 _bSouthville International School and Colleges
_cc2023.
300 _a346 p.
_c28cm.
500 _aDepression.
942 _2lcc
_cTH
999 _c365586
_d365586